[Event "BPB Limburg open B"]
[Site "Maastricht"]
[Date "2015.05.22"]
[Round "1"]
[White "Karstens, Lex"]
[Black "Zatyko, Ferry"]
[Result "1/2-1/2"]
[WhiteElo "1852"]
[BlackElo "1777"]
[PlyCount "85"]
[EventDate "2015.05.22"]
[EventType "swiss"]
[EventRounds "7"]
[EventCountry "NED"]
[Source "P.Boonen"]
[SourceDate "2015.10.01"]

1. d4 Nf6 2. Bg5 d5 3. e3 Bf5 4. Bd3 Bg6 5. Ne2 Nbd7 6. Nf4 Bxd3 7. Nxd3 e6 8.
Nd2 Bd6 9. c4 c6 10. c5 Bc7 11. f4 h6 12. Bh4 Qe7 13. Ne5 g5 14. Bg3 gxf4 15.
exf4 Rg8 16. Qe2 O-O-O 17. O-O-O Rg7 18. Bh4 Rdg8 19. g3 Nf8 20. Ndf3 Ng6 21.
Nxg6 fxg6 22. Bxf6 Qxf6 23. Rhe1 Re7 24. Ne5 Bxe5 25. Qxe5 Qxe5 26. Rxe5 Rf8
27. Rde1 Kd7 28. h4 Rf5 29. Kd2 h5 30. R5e3 Rf6 31. a4 Rf8 32. a5 a6 33. Ke2
Rff7 34. Re5 Rf5 35. Kf3 Rxe5 36. Rxe5 Rf7 37. Rg5 Rf6 38. g4 hxg4+ 39. Kxg4
Ke7 40. h5 gxh5+ 41. Rxh5 Rg6+ 42. Kf3 Kf6 43. Rh7 1/2-1/2

[Event "BPB Limburg open B"]
[Site "Maastricht"]
[Date "2015.05.22"]
[Round "1"]
[White "Kronseder, Michael"]
[Black "Bratuszewski, Jorden"]
[Result "0-1"]
[WhiteElo "1809"]
[BlackElo "1859"]
[PlyCount "80"]
[EventDate "2015.05.22"]
[EventType "swiss"]
[EventRounds "7"]
[EventCountry "NED"]
[Source "P.Boonen"]
[SourceDate "2015.10.01"]

1. e4 c5 2. Nf3 d6 3. Bb5+ Nd7 4. a4 Ngf6 5. Nc3 a6 6. Be2 b6 7. O-O Bb7 8. d3
g6 9. h3 Bg7 10. Be3 O-O 11. Qd2 Qc7 12. Rab1 Rac8 13. Nh2 e5 14. f4 d5 15.
fxe5 Nxe5 16. exd5 Nxd5 17. Nxd5 Bxd5 18. Ng4 Nxg4 19. Bxg4 Rce8 20. Bf4 Qc6
21. Bf3 Rc8 22. Bxd5 Qxd5 23. Bh6 Rfe8 24. Bxg7 Kxg7 25. Qf2 Qd4 26. c3 Qxf2+
27. Rxf2 Re3 28. Rbf1 Rc7 29. Rf3 Rce7 30. Rxe3 Rxe3 31. Rf3 Re1+ 32. Rf1 Re3
33. Rf3 Rxf3 34. gxf3 g5 35. Kf2 Kf6 36. Ke3 Ke5 37. d4+ cxd4+ 38. cxd4+ Kd5
39. f4 f6 40. f5 h5 0-1

[Event "BPB Limburg open B"]
[Site "Maastricht"]
[Date "2015.05.22"]
[Round "1"]
[White "Leentjens, Gilbert"]
[Black "Van Ginneken, Jos"]
[Result "1-0"]
[WhiteElo "1818"]
[BlackElo "1678"]
[PlyCount "53"]
[EventDate "2015.05.22"]
[EventType "swiss"]
[EventRounds "7"]
[EventCountry "NED"]
[Source "P.Boonen"]
[SourceDate "2015.10.01"]

1. e4 d6 2. Nc3 Nf6 3. f4 e6 4. Nf3 Be7 5. d4 O-O 6. Bd3 b6 7. Be3 Ba6 8. h3
Bxd3 9. Qxd3 Nh5 10. O-O-O Nd7 11. g4 Nhf6 12. Ng5 h6 13. Nf3 Nh7 14. h4 c5 15.
e5 d5 16. Ne2 c4 17. Qd2 b5 18. f5 b4 19. Nf4 Qa5 20. Kb1 Nb6 21. Qg2 c3 22. b3
Rfc8 23. g5 exf5 24. gxh6 g6 25. Nxg6 fxg6 26. Qxg6+ Kf8 27. e6 1-0

[Event "BPB Limburg open B"]
[Site "Maastricht"]
[Date "2015.05.22"]
[Round "1"]
[White "Mercan, Oscar"]
[Black "Erikstad, Olav"]
[Result "0-1"]
[WhiteElo "1794"]
[BlackElo "1853"]
[PlyCount "84"]
[EventDate "2015.05.22"]
[EventType "swiss"]
[EventRounds "7"]
[EventCountry "NED"]
[Source "P.Boonen"]
[SourceDate "2015.10.01"]

1. d4 c6 2. e4 d5 3. e5 Bf5 4. Bd3 Bxd3 5. Qxd3 Qa5+ 6. Bd2 Qa6 7. Qf3 e6 8.
Nh3 h6 9. a3 c5 10. dxc5 Bxc5 11. b4 Bd4 12. Bc3 Nc6 13. Qg3 Bxc3+ 14. Nxc3 Qc4
15. f4 Nd4 16. Rc1 Rc8 17. Kd2 Nf5 18. Qd3 Nge7 19. g4 Nh4 20. Nb5 O-O 21. Nd6
Qxd3+ 22. cxd3 Rxc1 23. Rxc1 Nf3+ 24. Ke3 Nxh2 25. Nf2 f5 26. Rc7 d4+ 27. Kxd4
Nc6+ 28. Ke3 fxg4 29. Nxb7 Nf1+ 30. Ke2 Ng3+ 31. Ke1 Nd4 32. Nxg4 Rxf4 33. Ne3
Rf3 34. Kd2 Rf2+ 35. Kc3 Nb5+ 36. Kc4 Nxc7 37. Kc5 Nf5 38. Nc4 h5 39. b5 h4 40.
Nbd6 h3 41. Nc8 h2 42. Nxa7 Nxb5 0-1

[Event "BPB Limburg open B"]
[Site "Maastricht"]
[Date "2015.05.22"]
[Round "1"]
[White "Meul, Willi"]
[Black "Heijenrath, Jan"]
[Result "1/2-1/2"]
[WhiteElo "1831"]
[BlackElo "1740"]
[PlyCount "59"]
[EventDate "2015.05.22"]
[EventType "swiss"]
[EventRounds "7"]
[EventCountry "NED"]
[Source "P.Boonen"]
[SourceDate "2015.10.01"]

1. d4 Nf6 2. Nf3 e6 3. e3 b6 4. Bd3 Bb7 5. Nbd2 c5 6. O-O Nc6 7. c3 d5 8. Qe2
Be7 9. Ne5 Qc7 10. f4 O-O 11. Ndf3 cxd4 12. exd4 a5 13. Bd2 Nxe5 14. fxe5 Ne4
15. Bf4 Qc8 16. Rac1 Ba6 17. c4 Qb7 18. Bxe4 dxe4 19. Nd2 Rad8 20. Be3 f5 21.
exf6 Bxf6 22. Qg4 Qd7 23. Qxe4 Bxd4 24. Rxf8+ Kxf8 25. Nf3 Bxe3+ 26. Qxe3 Bb7
27. Ng5 Kg8 28. Qxe6+ Qxe6 29. Nxe6 Rd2 30. Nf4 1/2-1/2

[Event "BPB Limburg open B"]
[Site "Maastricht"]
[Date "2015.05.22"]
[Round "1"]
[White "Meyer, Stefan2"]
[Black "Van Randtwijk, Mick"]
[Result "1/2-1/2"]
[WhiteElo "1768"]
[BlackElo "1852"]
[PlyCount "91"]
[EventDate "2015.05.22"]
[EventType "swiss"]
[EventRounds "7"]
[EventCountry "NED"]
[Source "P.Boonen"]
[SourceDate "2015.10.01"]

1. d4 Nf6 2. c4 e6 3. Nc3 Bb4 4. Bg5 c5 5. d5 d6 6. e3 O-O 7. Bd3 h6 8. Bh4
exd5 9. cxd5 g5 10. Bg3 Nxd5 11. Bh7+ Kxh7 12. Qxd5 Qf6 13. Nge2 Rd8 14. h4 g4
15. O-O Nc6 16. Ne4 Qf5 17. Qxf5+ Bxf5 18. N2c3 Bxc3 19. Nxc3 d5 20. Rad1 d4
21. Nb5 a6 22. Nd6 Bg6 23. Nxb7 Rd5 24. Nd6 d3 25. e4 Rd4 26. f3 gxf3 27. Rxf3
Bh5 28. Rdxd3 Bxf3 29. Rxf3 Rf8 30. Rf6 Nb4 31. Nf5 Rxe4 32. Rxh6+ Kg8 33. Bd6
Rfe8 34. Bxc5 R8e5 35. Bd4 Nxa2 36. Bxe5 Rxe5 37. Rxa6 Nb4 38. Ra8+ Kh7 39. Nd4
Re4 40. Nf3 Re2 41. b3 Rb2 42. Rb8 Nd3 43. g3 Rb1+ 44. Kg2 Rb2+ 45. Kg1 Rb1+
46. Kg2 1/2-1/2

[Event "BPB Limburg open B"]
[Site "Maastricht"]
[Date "2015.05.22"]
[Round "1"]
[White "Mienis, Dennis"]
[Black "Pijlman, Rene"]
[Result "0-1"]
[WhiteElo "1880"]
[BlackElo "1956"]
[PlyCount "44"]
[EventDate "2015.05.22"]
[EventType "swiss"]
[EventRounds "7"]
[EventCountry "NED"]
[Source "P.Boonen"]
[SourceDate "2015.10.01"]

1. c4 e5 2. Nc3 Bb4 3. e3 Bxc3 4. dxc3 d6 5. Nf3 Nf6 6. c5 e4 7. Ng5 d5 8. h4
Qe7 9. b4 O-O 10. Be2 Rd8 11. Qb3 Nc6 12. Bb2 Ne5 13. Rd1 c6 14. c4 Bg4 15.
cxd5 cxd5 16. Qc3 Bxe2 17. Kxe2 Nd3 18. f3 h6 19. Nh3 d4 20. exd4 exf3+ 21.
Kxf3 Qe4+ 22. Kg3 Qe3+ 0-1

[Event "BPB Limburg open B"]
[Site "Maastricht"]
[Date "2015.05.22"]
[Round "1"]
[White "Ouwersloot, Hans"]
[Black "Koelmans, Jan Willem"]
[Result "1-0"]
[WhiteElo "1983"]
[BlackElo "1905"]
[PlyCount "59"]
[EventDate "2015.05.22"]
[EventType "swiss"]
[EventRounds "7"]
[EventCountry "NED"]
[Source "P.Boonen"]
[SourceDate "2015.10.01"]

1. e4 c5 2. Nf3 d6 3. d4 cxd4 4. Nxd4 Nf6 5. Nc3 a6 6. Bc4 e6 7. Bb3 Nbd7 8.
Bg5 Nc5 9. f3 Be7 10. Be3 O-O 11. Qd2 b5 12. Nc6 Qc7 13. Nxe7+ Qxe7 14. Rd1
Nxb3 15. axb3 d5 16. Bg5 dxe4 17. Nxe4 Bb7 18. Nxf6+ gxf6 19. Bh6 Rfd8 20. Qf4
Rxd1+ 21. Kxd1 Kh8 22. Kc1 e5 23. Qh4 Rg8 24. Qf2 Rg6 25. Be3 Qe6 26. Rd1 Rg8
27. Bc5 Bd5 28. Qd2 Bc6 29. Qh6 Bd5 30. Rxd5 1-0

[Event "BPB Limburg open B"]
[Site "Maastricht"]
[Date "2015.05.22"]
[Round "1"]
[White "Perdomo Araujo, Angel Eduardo"]
[Black "Leontiev, Oleg"]
[Result "0-1"]
[WhiteElo "1979"]
[BlackElo "1929"]
[PlyCount "122"]
[EventDate "2015.05.22"]
[EventType "swiss"]
[EventRounds "7"]
[EventCountry "NED"]
[Source "P.Boonen"]
[SourceDate "2015.10.01"]

1. e4 e6 2. d4 d5 3. Bd3 dxe4 4. Bxe4 Nf6 5. Bd3 c5 6. Nf3 cxd4 7. Nxd4 Bc5 8.
Nb3 Bb6 9. O-O O-O 10. Nc3 Bd7 11. Bg5 Bc6 12. Qe2 Nbd7 13. Ne4 Qe7 14. Qf3
Rfd8 15. Nxf6+ Nxf6 16. Qg3 Rd7 17. Bh6 Qf8 18. Rae1 Bc7 19. Qh4 Bd8 20. Bg5 h6
21. Bc1 Nd5 22. Qg4 Kh8 23. a3 Qd6 24. Qh3 Nf4 25. Bxf4 Qxf4 26. Re3 Bf6 27. c3
Rad8 28. Bc2 b6 29. Qh5 Qg5 30. Qxg5 Bxg5 31. f4 Bf6 32. Kf2 a5 33. Be4 Ba4 34.
Bc2 Bb5 35. Rc1 a4 36. Nd4 Bxd4 37. cxd4 Rxd4 38. f5 Rd2+ 39. Kg3 Rc8 40. Rc3
Rxc3+ 41. bxc3 Bc6 42. fxe6 Rxg2+ 43. Kh3 fxe6 44. Bxa4 Bd5 45. c4 Ra2 46. Bd7
Rxa3+ 47. Kh4 Bf3 48. Bb5 g5+ 49. Kg3 Bc6+ 50. Kf2 Bxb5 51. cxb5 Rb3 52. Rc6
Rxb5 53. Rxe6 Kg7 54. Kg3 Rb4 55. Rc6 b5 56. Rb6 h5 57. h3 Rb3+ 58. Kg2 b4 59.
Kh2 h4 60. Kg2 Rg3+ 61. Kh2 b3 0-1

[Event "BPB Limburg open B"]
[Site "Maastricht"]
[Date "2015.05.22"]
[Round "1"]
[White "Ploumen, Ralf"]
[Black "Van Dongen, Eric"]
[Result "1/2-1/2"]
[WhiteElo "1673"]
[BlackElo "1813"]
[PlyCount "55"]
[EventDate "2015.05.22"]
[EventType "swiss"]
[EventRounds "7"]
[EventCountry "NED"]
[Source "P.Boonen"]
[SourceDate "2015.10.01"]

1. c4 Nf6 2. Nc3 g6 3. g3 Bg7 4. Bg2 c6 5. e4 d6 6. Nge2 O-O 7. O-O e5 8. d3
Nbd7 9. h3 Nc5 10. Kh2 Ne6 11. Be3 h6 12. Qd2 Kh7 13. f4 Qe7 14. Rad1 c5 15.
fxe5 dxe5 16. Nd5 Nxd5 17. cxd5 Nd4 18. Rde1 Bd7 19. Qd1 Rac8 20. Nxd4 cxd4 21.
Bd2 f5 22. a3 Rf6 23. Bb4 Qe8 24. Qe2 fxe4 25. Bxe4 Bf5 26. g4 Bxe4 27. dxe4
Rxf1 28. Rxf1 1/2-1/2

[Event "BPB Limburg open B"]
[Site "Maastricht"]
[Date "2015.05.22"]
[Round "1"]
[White "Porteman, Eric"]
[Black "Schleipfenbauer, Bent"]
[Result "1/2-1/2"]
[WhiteElo "1923"]
[BlackElo "2030"]
[PlyCount "52"]
[EventDate "2015.05.22"]
[EventType "swiss"]
[EventRounds "7"]
[EventCountry "NED"]
[Source "P.Boonen"]
[SourceDate "2015.10.01"]

1. c4 g6 2. Nc3 Nf6 3. g3 Bg7 4. Bg2 O-O 5. Nf3 c5 6. a3 Nc6 7. Rb1 d5 8. cxd5
Nxd5 9. O-O Bf5 10. e4 Nxc3 11. bxc3 Bxe4 12. Rxb7 Ne5 13. Nxe5 Bxb7 14. Bxb7
Rb8 15. Nc6 Qc7 16. Nxb8 Qxb7 17. a4 Rxb8 18. Ba3 Qd5 19. Qc2 e6 20. Rb1 Rxb1+
21. Qxb1 Be5 22. Qb5 Qxd2 23. Qxc5 Qd1+ 24. Kg2 Qd5+ 25. Kg1 Qd1+ 26. Kg2 Qd5+
1/2-1/2

[Event "BPB Limburg open B"]
[Site "Maastricht"]
[Date "2015.05.22"]
[Round "1"]
[White "Ramaekers, Philippe1"]
[Black "De Freytas, Paul"]
[Result "1/2-1/2"]
[WhiteElo "1883"]
[BlackElo "1964"]
[PlyCount "60"]
[EventDate "2015.05.22"]
[EventType "swiss"]
[EventRounds "7"]
[EventCountry "NED"]
[Source "P.Boonen"]
[SourceDate "2015.10.01"]

1. e4 c6 2. Nc3 d5 3. Nf3 Bg4 4. h3 Bxf3 5. Qxf3 Nf6 6. e5 Nfd7 7. Qg3 e6 8.
Be2 c5 9. O-O Nc6 10. f4 Nd4 11. Bd1 Nf5 12. Qe1 h5 13. d3 Be7 14. Ne2 Qb6 15.
c4 d4 16. Rb1 h4 17. a3 g5 18. fxg5 Rg8 19. Rxf5 exf5 20. Nf4 Bxg5 21. e6 Nf6
22. Nh5 Qxe6 23. Qxe6+ fxe6 24. Bxg5 Rxg5 25. Nxf6+ Ke7 26. Nh5 e5 27. Bf3 Rf8
28. Re1 Kd6 29. Kh2 f4 30. Bg4 b6 1/2-1/2

[Event "BPB Limburg open B"]
[Site "Maastricht"]
[Date "2015.05.22"]
[Round "1"]
[White "Saizew, Valeri"]
[Black "Heuts, John"]
[Result "1-0"]
[WhiteElo "1957"]
[BlackElo "1880"]
[PlyCount "59"]
[EventDate "2015.05.22"]
[EventType "swiss"]
[EventRounds "7"]
[EventCountry "NED"]
[Source "P.Boonen"]
[SourceDate "2015.10.01"]

1. e4 e6 2. d4 d5 3. Nd2 Nf6 4. Bd3 c5 5. exd5 exd5 6. Ngf3 c4 7. Be2 Bd6 8.
O-O O-O 9. Re1 Nc6 10. c3 Bg4 11. Nf1 b5 12. Bg5 Re8 13. Ne3 Be6 14. h3 Be7 15.
Ne5 Nxe5 16. dxe5 Ne4 17. Bxe7 Rxe7 18. Qd4 Rd7 19. f3 Ng3 20. Kh2 Qg5 21. f4
Qg6 22. Bf3 Rad8 23. Rad1 h5 24. Qd2 h4 25. Qf2 Qh6 26. Rd4 a5 27. Red1 b4 28.
Bxd5 Bxd5 29. Nxd5 Nf5 30. Ne7+ 1-0

[Event "BPB Limburg open B"]
[Site "Maastricht"]
[Date "2015.05.22"]
[Round "1"]
[White "Senders, Justin"]
[Black "Van de Griend, Johan"]
[Result "1-0"]
[WhiteElo "1986"]
[BlackElo "1907"]
[PlyCount "39"]
[EventDate "2015.05.22"]
[EventType "swiss"]
[EventRounds "7"]
[EventCountry "NED"]
[Source "P.Boonen"]
[SourceDate "2015.10.01"]

1. e4 e6 2. d4 d5 3. e5 c5 4. c3 Nc6 5. Nf3 Qb6 6. Bd3 cxd4 7. cxd4 Bd7 8. O-O
Nb4 9. Be2 Rc8 10. Nc3 Ne7 11. Na4 Bxa4 12. Qxa4+ Nbc6 13. Bd2 a6 14. b4 Nf5
15. Rfc1 Nfxd4 16. Nxd4 Qxd4 17. Bxa6 Qb6 18. b5 bxa6 19. bxc6 Bc5 20. c7+ 1-0

[Event "BPB Limburg open B"]
[Site "Maastricht"]
[Date "2015.05.22"]
[Round "1"]
[White "Smet, Louis"]
[Black "Londers, Jan"]
[Result "0-1"]
[WhiteElo "1750"]
[BlackElo "1835"]
[PlyCount "36"]
[EventDate "2015.05.22"]
[EventType "swiss"]
[EventRounds "7"]
[EventCountry "NED"]
[Source "P.Boonen"]
[SourceDate "2015.10.01"]

1. e4 e5 2. Nf3 Nc6 3. d4 exd4 4. Nxd4 Nf6 5. Nxc6 bxc6 6. e5 Ne4 7. Bc4 d5 8.
exd6 Bxd6 9. Qf3 O-O 10. Be3 Qh4 11. Be2 Nf6 12. Nc3 Rb8 13. Rb1 Be5 14. Bxa7
Bg4 15. Qxc6 Bxc3+ 16. Qxc3 Rbe8 17. Be3 Nd5 18. Qd3 Nxe3 0-1

[Event "BPB Limburg open B"]
[Site "Maastricht"]
[Date "2015.05.22"]
[Round "1"]
[White "Snoeck, Rene"]
[Black "Bekedam, Tyro"]
[Result "1-0"]
[WhiteElo "1956"]
[BlackElo "1879"]
[PlyCount "45"]
[EventDate "2015.05.22"]
[EventType "swiss"]
[EventRounds "7"]
[EventCountry "NED"]
[Source "P.Boonen"]
[SourceDate "2015.10.01"]

1. d4 Nf6 2. Bg5 g6 3. Nc3 Bg7 4. e4 d6 5. Qd2 Nbd7 6. Bc4 c5 7. Nf3 O-O 8. O-O
Qc7 9. Nd5 Qc6 10. Bxf6 Bxf6 11. e5 Nb6 12. Nxb6 axb6 13. exf6 exf6 14. dxc5
bxc5 15. Bd5 Qc7 16. Qc3 Be6 17. Rad1 Kg7 18. a3 Rfe8 19. Rd2 Re7 20. Rfd1 Rd8
21. h3 Ree8 22. Ng5 Re7 23. Ne4 1-0

[Event "BPB Limburg open B"]
[Site "Maastricht"]
[Date "2015.05.22"]
[Round "1"]
[White "Staudte, Rainer"]
[Black "Sofic, Narcis"]
[Result "1/2-1/2"]
[WhiteElo "1871"]
[BlackElo "1941"]
[PlyCount "46"]
[EventDate "2015.05.22"]
[EventType "swiss"]
[EventRounds "7"]
[EventCountry "NED"]
[Source "P.Boonen"]
[SourceDate "2015.10.01"]

1. d4 d5 2. c4 c6 3. Nf3 Nf6 4. Nc3 e6 5. cxd5 exd5 6. Bg5 Be7 7. e3 h6 8. Bh4
Bf5 9. Be2 Nbd7 10. O-O O-O 11. Qb3 Qb6 12. Qxb6 axb6 13. Ne5 Rfe8 14. Nxd7
Nxd7 15. Bxe7 Rxe7 16. a3 b5 17. Rfc1 Nb6 18. Na2 Rae8 19. Nb4 Ra8 20. Kf1 Na4
21. Ra2 Nb6 22. Raa1 Na4 23. Ra2 Nb6 1/2-1/2

[Event "BPB Limburg open B"]
[Site "Maastricht"]
[Date "2015.05.22"]
[Round "1"]
[White "Tamminga, Meile"]
[Black "Boudry, William"]
[Result "1-0"]
[WhiteElo "1825"]
[BlackElo "1711"]
[PlyCount "39"]
[EventDate "2015.05.22"]
[EventType "swiss"]
[EventRounds "7"]
[EventCountry "NED"]
[Source "P.Boonen"]
[SourceDate "2015.10.01"]

1. e4 c5 2. Nf3 d6 3. d4 cxd4 4. Nxd4 Nf6 5. Nc3 g6 6. Be2 Bg7 7. O-O O-O 8.
Be3 Nc6 9. Nf3 Ng4 10. Qd2 Nxe3 11. Qxe3 f5 12. Rfd1 fxe4 13. Ng5 Bh6 14. Bc4+
Kg7 15. Ncxe4 Ne5 16. Qc3 Bxg5 17. Nxg5 Rf6 18. Qxe5 Qc7 19. Qc3 Bf5 20. Nxh7
1-0

[Event "BPB Limburg open B"]
[Site "Maastricht"]
[Date "2015.05.22"]
[Round "1"]
[White "Tangelder, Yonne"]
[Black "Klein, Gernot"]
[Result "1/2-1/2"]
[WhiteElo "1887"]
[BlackElo "1971"]
[PlyCount "123"]
[EventDate "2015.05.22"]
[EventType "swiss"]
[EventRounds "7"]
[EventCountry "NED"]
[Source "P.Boonen"]
[SourceDate "2015.10.01"]

1. e4 c5 2. Nc3 e6 3. f4 d5 4. Nf3 Nc6 5. Bb5 a6 6. Bxc6+ bxc6 7. d3 Ne7 8. O-O
g6 9. Rb1 a5 10. b3 Ba6 11. Ba3 Bg7 12. Ne5 c4 13. bxc4 dxc4 14. d4 Rc8 15. Bc5
O-O 16. Bb6 Qd6 17. Bc5 Qc7 18. Bb6 Qd6 19. Kh1 f6 20. Bc5 Qc7 21. Nf3 Rb8 22.
Qd2 Rfe8 23. Rfe1 Bh6 24. e5 Rxb1 25. Rxb1 Nd5 26. Nxd5 cxd5 27. Rb6 Bc8 28. g3
a4 29. Qa5 f5 30. Qxa4 Bd7 31. Qa6 Qc8 32. Qa7 Bc6 33. Bd6 Qd7 34. Qxd7 Bxd7
35. Rb8 Bc6 36. Rb6 Ba4 37. c3 Bc2 38. Ng5 Bxg5 39. fxg5 Ra8 40. a3 Ba4 41. Rb7
Be8 42. Re7 Bf7 43. Rb7 Be8 44. h4 Bc6 45. Rb6 Bd7 46. Bc5 Kf7 47. Rb7 Ke8 48.
Kg2 Kd8 49. Bd6 Kc8 50. Rb6 Kd8 51. Kf3 Bc8 52. Kf4 Ra7 53. Rb8 Rb7 54. Rxb7
Bxb7 55. a4 Kd7 56. a5 Kc6 57. g4 fxg4 58. Kxg4 Kb5 59. Bb4 Ka4 60. h5 Kb3 61.
hxg6 hxg6 62. Kf3 1/2-1/2

[Event "BPB Limburg open B"]
[Site "Maastricht"]
[Date "2015.05.22"]
[Round "1"]
[White "Uckerman, John"]
[Black "Van Foreest, Pieter"]
[Result "1-0"]
[WhiteElo "1705"]
[BlackElo "1825"]
[PlyCount "87"]
[EventDate "2015.05.22"]
[EventType "swiss"]
[EventRounds "7"]
[EventCountry "NED"]
[Source "P.Boonen"]
[SourceDate "2015.10.01"]

1. e4 e5 2. Nf3 Nc6 3. a3 Nf6 4. Nc3 Bc5 5. Nxe5 Nxe5 6. d4 Bd6 7. f4 Ng6 8. e5
O-O 9. Be2 Ne8 10. exd6 Nxd6 11. O-O f5 12. Bf3 Re8 13. g3 c6 14. Qd3 b6 15. d5
Bb7 16. Be3 Qc7 17. Rfd1 c5 18. Bf2 Re7 19. h4 Rae8 20. h5 Nf8 21. Kg2 Qc8 22.
Re1 Qa8 23. a4 Ne4 24. Rad1 Nxf2 25. Kxf2 Rxe1 26. Rxe1 Rxe1 27. Kxe1 g6 28.
Qe2 Kf7 29. Qe5 Qe8 30. Nb5 Qxe5+ 31. fxe5 Ba8 32. Nxa7 gxh5 33. Bxh5+ Ng6 34.
c4 Ke7 35. Nc8+ Kd8 36. Bxg6 hxg6 37. Nxb6 Bb7 38. a5 Ke7 39. Kf2 g5 40. Na4 d6
41. e6 Ba6 42. b3 f4 43. gxf4 gxf4 44. Kf3 1-0

[Event "BPB Limburg open B"]
[Site "Maastricht"]
[Date "2015.05.22"]
[Round "1"]
[White "Valenta, Richard"]
[Black "Orbons, Richard"]
[Result "0-1"]
[WhiteElo "1810"]
[BlackElo "1578"]
[PlyCount "116"]
[EventDate "2015.05.22"]
[EventType "swiss"]
[EventRounds "7"]
[EventCountry "NED"]
[Source "P.Boonen"]
[SourceDate "2015.10.01"]

1. d4 Nf6 2. c4 g6 3. Nf3 Bg7 4. Bg5 d6 5. e3 O-O 6. Bd3 Nbd7 7. Nc3 c6 8. O-O
e5 9. d5 Nc5 10. Bc2 a5 11. Nd2 Qc7 12. Bxf6 Bxf6 13. Nde4 Nxe4 14. Nxe4 Be7
15. Nc3 f5 16. Bb3 Kg7 17. Rc1 Bd7 18. g3 Rae8 19. Na4 c5 20. Nc3 Qd8 21. Ba4
h5 22. Qb3 Bxa4 23. Nxa4 Qd7 24. Nb6 Qc7 25. Qb5 Bd8 26. Na4 e4 27. Rc3 h4 28.
Rb3 Re7 29. Nb6 Qxb6 30. Qxb6 Bxb6 31. Rxb6 Rd7 32. gxh4 Kf6 33. Rc1 Ke5 34.
Rc3 f4 35. Rb5 f3 36. Rcb3 Rh7 37. Rxb7 Rxh4 38. Rb8 Rg4+ 39. Kf1 Rxb8 40. Rxb8
Rh4 41. Rg8 Kf5 42. Rf8+ Ke5 43. h3 Rxh3 44. Kg1 Rh4 45. Re8+ Kf5 46. Re6 Rg4+
47. Kf1 Rh4 48. Ke1 Rh1+ 49. Kd2 Rf1 50. Rxd6 Rxf2+ 51. Kc3 Re2 52. Rd8 Rxe3+
53. Kd2 Re2+ 54. Kc3 f2 55. Rf8+ Ke5 56. Re8+ Kd6 57. Re6+ Kd7 58. Rf6 Re3+ 0-1

[Event "BPB Limburg open B"]
[Site "Maastricht"]
[Date "2015.05.22"]
[Round "1"]
[White "Valstar, Jasper"]
[Black "Rietveld, Leo"]
[Result "0-1"]
[WhiteElo "1912"]
[BlackElo "1998"]
[PlyCount "58"]
[EventDate "2015.05.22"]
[EventType "swiss"]
[EventRounds "7"]
[EventCountry "NED"]
[Source "P.Boonen"]
[SourceDate "2015.10.01"]

1. e4 d5 2. exd5 Nf6 3. d4 Bg4 4. Be2 Bxe2 5. Qxe2 Qxd5 6. Nf3 e6 7. Nc3 Qh5 8.
Bf4 Nc6 9. Bxc7 Bb4 10. O-O Bxc3 11. bxc3 O-O 12. Bg3 Rfd8 13. Rab1 b6 14. Rfd1
Qd5 15. Ne5 Ne4 16. Qf3 f5 17. Nxc6 Qxc6 18. Rb3 Rac8 19. Rd3 a5 20. Qe3 a4 21.
Ra3 b5 22. f3 Nxg3 23. hxg3 Qd6 24. c4 Rxc4 25. Rac3 Rxc3 26. Rxc3 Qxd4 27. Kf2
Kf7 28. Ke2 Qd1+ 29. Kf2 Rd2+ 0-1

[Event "BPB Limburg open B"]
[Site "Maastricht"]
[Date "2015.05.22"]
[Round "1"]
[White "Van Dael, Siem"]
[Black "Hammers, Michael"]
[Result "0-1"]
[WhiteElo "1813"]
[BlackElo "1673"]
[PlyCount "60"]
[EventDate "2015.05.22"]
[EventType "swiss"]
[EventRounds "7"]
[EventCountry "NED"]
[Source "P.Boonen"]
[SourceDate "2015.10.01"]

1. e4 e6 2. d4 d5 3. Nc3 Nf6 4. Bg5 Be7 5. e5 Nfd7 6. Bxe7 Qxe7 7. Qg4 O-O 8.
f4 f5 9. Qf3 a6 10. O-O-O c5 11. Nge2 c4 12. g4 fxg4 13. Qxg4 b5 14. Bg2 Nb6
15. Ng3 b4 16. Nce2 c3 17. b3 a5 18. Kb1 a4 19. Nc1 axb3 20. cxb3 Qc7 21. Kc2
Qf7 22. Qe2 Ba6 23. Qe3 Qxf4 24. Qxf4 Rxf4 25. Bf1 Rf2+ 26. Nge2 Nc6 27. a4
bxa3 28. Kxc3 Rc8 29. Kd2 Nb4 30. Ke3 Rcf8 0-1

[Event "BPB Limburg open B"]
[Site "Maastricht"]
[Date "2015.05.22"]
[Round "1"]
[White "Van Loy, Rick"]
[Black "Toll, Maarten"]
[Result "1-0"]
[WhiteElo "1966"]
[BlackElo "1886"]
[PlyCount "105"]
[EventDate "2015.05.22"]
[EventType "swiss"]
[EventRounds "7"]
[EventCountry "NED"]
[Source "P.Boonen"]
[SourceDate "2015.10.01"]

1. e4 c5 2. Nf3 Nc6 3. d4 cxd4 4. Nxd4 e6 5. c4 a6 6. Be2 Nf6 7. Nc3 Bb4 8. O-O
Bxc3 9. bxc3 Nxe4 10. Qd3 f5 11. f4 Qf6 12. Bf3 d5 13. cxd5 exd5 14. Ba3 Na5
15. Rae1 Nc4 16. Bxe4 fxe4 17. Rxe4+ dxe4 18. Qxc4 Bd7 19. Qc7 Rc8 20. Qxb7
Rxc3 21. Qxe4+ Kf7 22. Qd5+ Be6 23. Qb7+ Kg6 24. f5+ Kh6 25. Nxe6 Rxa3 26. Qb4
Rd3 27. Qe4 Ra3 28. Qf4+ g5 29. Nxg5 Kg7 30. Ne6+ Kf7 31. Rd1 Re8 32. Qb4 Rxa2
33. Qg4 h6 34. Rd7+ Re7 35. Qh5+ Kg8 36. Rd8+ Kh7 37. Nf8+ Kg7 38. Qg4+ Qg5 39.
Ne6+ Rxe6 40. Qxg5+ hxg5 41. fxe6 Re2 42. Rd6 a5 43. Rd5 Rxe6 44. Rxg5+ Kh6 45.
Rxa5 Re2 46. h3 Rb2 47. Kh2 Rb7 48. h4 Kg6 49. g3 Kh7 50. Kh3 Kg7 51. h5 Kh6
52. Kh4 Rb1 53. g4 1-0

[Event "BPB Limburg open B"]
[Site "Maastricht"]
[Date "2015.05.22"]
[Round "1"]
[White "Van Roon, Sjoerd"]
[Black "Boom, Harrie"]
[Result "1-0"]
[WhiteElo "1853"]
[BlackElo "1780"]
[PlyCount "95"]
[EventDate "2015.05.22"]
[EventType "swiss"]
[EventRounds "7"]
[EventCountry "NED"]
[Source "P.Boonen"]
[SourceDate "2015.10.01"]

1. e4 c5 2. Nf3 d6 3. d4 cxd4 4. Nxd4 Nf6 5. Nc3 e6 6. Bg5 Be7 7. Bd3 a6 8. O-O
Qc7 9. f4 Qb6 10. Kh1 Nc6 11. Nxc6 Qxc6 12. e5 dxe5 13. fxe5 Nd5 14. Qh5 g6 15.
Qh4 Qc7 16. Nxd5 exd5 17. Bxe7 Qxe7 18. Qxe7+ Kxe7 19. Rf4 Be6 20. Rb4 Rab8 21.
Kg1 Rhd8 22. c3 Kf8 23. Kf2 Kg7 24. Ke3 Rf8 25. Be2 Rfc8 26. a4 Rc6 27. Kd4
Rcc8 28. Ra3 h6 29. Rab3 b5 30. axb5 axb5 31. Rxb5 Ra8 32. R3b4 Ra1 33. Bf3 Rd8
34. Rc5 Re1 35. Rbb5 g5 36. h3 g4 37. hxg4 Bxg4 38. Rxd5 Bxf3 39. Rxd8 Rd1+ 40.
Kc5 Rxd8 41. gxf3 h5 42. Kc6 h4 43. Rb4 Rh8 44. Rg4+ Kf8 45. Rg2 h3 46. Rh2 Ke7
47. Kd5 Kd7 48. Ke4 1-0